000 02283cam a22005654i 4500
003 PE-LiUPU
005 20250731173043.0
008 140330s2014 oru rb 000 0 eng d
020 _a1625644582
020 _a9781625644589
035 _a(Sirsi) i9781625644589
035 _a(OCoLC)875257528
040 _aBTCTA
_beng
_erda
_cBTCTA
_dYDXCP
_dGGB
_dLNT
_dDRU
_dOCLCF
_dOCL
_dDLC
_dOCLCQ
_dKPS
_dPE-LiUPU
049 _aPRUA
050 4 _aBV1471.3
_b.K84 2014
082 0 4 _a261.20973
_bK92
_220
100 1 _aKujawa-Holbrook, Sheryl A.,
_eautor.
245 1 0 _aGod beyond borders :
_binterreligious learning among faith communities /
_cSheryl A. Kujawa-Holbrook.
264 1 _aEugene, Oregon :
_bPickwick Publications,
_c[2014]
264 4 _c©2014
300 _axli, 171 páginas ;
_c23 centímetros.
336 _atext
_2rdacontent
337 _aunmediated
_2rdamedia
338 _avolume
_2rdacarrier
490 1 _aHorizons in religious education ;
_v1
504 _aBibliografía : páginas159-166.
505 0 0 _aWays of understanding interreligious learning -- The transformative power of interreligious encounter -- Practices of interreligious learning -- Sharing sacred spaces -- Compassionate action as interreligious learning -- Initiating intentional interreligious learning communities -- Interreligious learning and the future.
526 _aSEG42
526 _aSEG41
526 _aSEG40
526 _aSEG39
526 _aP94
526 _aP87
526 _aP86
526 _aP85
526 _aP77
526 _aP76
526 _aP35
650 7 _aMulticulturalismo
_xAspectos religiosos
650 0 _aEducación religiosa.
650 7 _aMulticulturalism
_xReligious aspects.
650 0 _aReligious education.
910 _adbm
_bncf
_cncf
_d20171226
942 _2ddc
_cBOOK
949 _a261.20973 K92
_wDEWEY
_c1
_i77768
_lCATALOGING
_mBUL
_p15.60
_r0
_sY
_tBOOK
_u2017-12-26
_xPOSGRADO
_PP85
_0COMPRA
_o.STAFF. Colección Teología.
994 _aC0
_bPEPRU
596 _a1
999 _a261.20973 K92
_wDEWEY
_c26395
_i77768
_f2021-11-10
_g4
_lCCODEBUL1
_mBUL
_p15.60
_r0
_sY
_tBOOK
_u2017-12-26
_xTEOLOGIA
_PP85
_0DONACION
_o.STAFF. Colección Teología.
_d26395
980 _81
_gALBERTO SANCHEZ Responsable de Automatización